| 000 | 00961nam a22002777a 4500 | ||
|---|---|---|---|
| 003 | OSt | ||
| 005 | 20260530113920.0 | ||
| 008 | 260520b2019 mx a|||| |||| 00| 0 spa d | ||
| 020 | _a9786073021845 | ||
| 040 |
_aICI _bspa _cICI _erda |
||
| 041 | _aspa | ||
| 050 |
_aN72.S6 _bL37 2019 |
||
| 100 | _eautor | ||
| 245 | 1 |
_aLas artes y el diseño frente a un mundo complejo : _buna reflexión a 50 años del inicio de los Estudios de Posgrado en Artes y Diseño en la UNAM / _ccompilador Dr. Julio Frías Peña |
|
| 250 | _aprimera edición | ||
| 264 |
_aMéxico : _bUniversidad Nacional Autónoma de México, _c2019 |
||
| 300 |
_a197 páginas : _bilustraciones |
||
| 336 |
_2rdacontent _atexto |
||
| 337 |
_2rdamedia _asin medio |
||
| 338 |
_2rdacarrier _avolumen |
||
| 650 | 4 |
_aArte y sociedad _91426 |
|
| 650 | 4 |
_aDiseño contemporáneo. _934589 |
|
| 650 | 4 |
_aDiseño industrial. _915218 |
|
| 700 | 1 |
_aFrías Peña, Julio, _ecompilador |
|
| 942 |
_2lcc _cBK _n1 |
||
| 999 |
_c12428 _d12428 |
||